| 000 | 00412nam a22001577a 4500 | ||
|---|---|---|---|
| 005 | 20251108170700.0 | ||
| 008 | 250721s1946 xx 000 0 eng d | ||
| 082 | 1 | 4 | _aR/211.1/HOL |
| 100 | 1 | _aAli, Abdallah Yousuf | |
| 245 | 1 | 4 |
_aThe Holy Qur'an : _bArabic - English / |
| 264 | 1 |
_aNew York : _bHafner publishing Co., _c1946. |
|
| 300 | _a2vol | ||
| 650 | 1 | 7 | _aHoly Qur'an |
| 942 |
_2ddc _cREF |
||
| 999 |
_c46500 _d46500 |
||